000 00423nam a2200145 a 4500
005 20210219161903.0
008 131031s1978 mx r 000 0 spa d
035 _aUPN01000193808
049 _aUNE
080 4 _aOC 377.35 (058)(7/8) "1978" ANU
245 0 0 _aAnuario estadistico de la formacion profecional en america latina
260 _aMontevideo :
_bCINTERFOR,
_c1978.
300 _a185 p. ;
_bcuadr.
500 _aanexo
999 _c165909
_d165909